Statistiques concernant Acteurs en L (par images).

Cliquez ici pour prendre le quiz!

Statistiques générales

  • Ce quiz a été pris 211 fois
  • Le résultat moyen est 11 sur 20

Statistiques - réponses

Réponse% Correct
Bruce Lee
93%
Alexandra Lamy
91%
Christopher Lee
91%
Gilles Lellouche
80%
Thierry Lhermitte
80%
Philippe Lacheau
74%
Jude Law
70%
Jennifer Lawrence
64%
Valérie Lemercier
64%
Jared Leto
58%
Fabrice Luchini
56%
Gérard Lanvin
51%
Chantal Ladesou
45%
Heath Ledger
45%
Vincent Lindon
43%
Christophe Lambert
36%
Sophia Loren
20%
Ray Liotta
18%
Vivien Leigh
16%
Burt Lancaster
9%

Distribution des résultats

Percentile par nombre de réponses

% des personnes avec chaque résultat

Votre développement - résultats

Vous n’avez pas pris ce quiz